[Event "IECC M email"]
[Site "IECC email"]
[Date "1999.01.13"]
[Round "?"]
[White "Pattyn, Kurt"]
[Black "Butcher, Robert Evan Sr"]
[Result "1-0"]
[WhiteElo "1024"]
[BlackElo "1176"]
[PlyCount "37"]
[EventDate "1999.??.??"]
[EventType "tourn (corr)"]
[EventRounds "6"]
[SourceTitle "Corr 2008"]
[Source "ChessBase"]
[SourceDate "2008.06.24"]
[SourceVersion "1"]
[SourceVersionDate "2008.06.24"]
[SourceQuality "1"]

1. e4 e5 2. Nf3 Nc6 3. Nc3 Nf6 4. Bc4 Bc5 5. 0-0 Ng4 6. d4 exd4 7. Nxd4 Nxd4 8. Qxg4 0-0 9. Bg5 Qe8 10. Qh4 Nxc2 11. Qg4 d6 12. Qg3 Qd7 13. h3 b5 14. Bf6 g6 15. Nd5 Re8 16. Qg5 Bd4 17. Qh6 Bxf6 18. Nxf6+ Kh8 19. Qxh7# 1-0